LEADER 04781nam 22008055 450 001 9910790726703321 005 20200919223209.0 010 $a1-137-60203-1 010 $a1-349-34573-3 010 $a1-137-31274-2 024 7 $a10.1057/9781137312747 035 $a(CKB)2550000001179774 035 $a(EBL)1588783 035 $a(SSID)ssj0001080510 035 $a(PQKBManifestationID)12527915 035 $a(PQKBTitleCode)TC0001080510 035 $a(PQKBWorkID)11070135 035 $a(PQKB)11202774 035 $a(DE-He213)978-1-137-31274-7 035 $a(OCoLC)865543202 035 $a(MiAaPQ)EBC1588783 035 $a(EXLCZ)992550000001179774 100 $a20151217d2013 u| 0 101 0 $aeng 135 $aur|n|---||||| 181 $ctxt 182 $cc 183 $acr 200 10$aGirlfriends and Postfeminist Sisterhood$b[electronic resource] /$fby A. Winch 205 $a1st ed. 2013. 210 1$aLondon :$cPalgrave Macmillan UK :$cImprint: Palgrave Macmillan,$d2013. 215 $a1 online resource (233 p.) 300 $aDescription based upon print version of record. 311 $a0-230-34875-0 311 $a1-306-28662-X 320 $aIncludes bibliographical references and index. 327 $aCover; Contents; Acknowledgements; Introduction: Girlfriend Culture; 1 The Girlfriend Gaze; Normative cruelties: Mean Girls; Who cares about letting go? Heat magazine; Gynaeopticon; 'How I went from fat to fit': Erotic capital; School girls to cougars; 2 BFF Co-Brands; Misogyny: Trinny and Susannah; Health: Skinny Bitch; How to be a girl: Fearne and Holly; 'I have been the same weight since I was fourteen'; Frenemies; 3 Strategic Sisterhoods; Girlfriend reflexivity: Sex and the City; Social capital; Carrie Bradshaw as self-brand; Plastic women: Lipstick Jungle 327 $aI'm hiding testicles under my skirt!': The masqueradeExclusive sisterhoods: Cashmere Mafia; 'Friendship is just another word for foreplay': The L Word; Fandom and co-producing media brands; 4 Womance; The girlfriend flick; Competition: In Her Shoes and Baby Mama; Bridezillas: Bride Wars and Sex and the City 1; Intergenerational: The Devil Wears Prada and The Women; Imperfect: Bridesmaids and Your Sister's Sister; 5 Making White Lives Better?; The Mammy: The Help and Sex and the City 1; Orientalism: Sex and the City 2; White feminism: 2 Broke Girls; Deconstructing girlfriendship: Girls 327 $a6 CatfightBranded sociality: The Hills; Rivalry: Paris Hilton; Slut-shaming: Sorority Girls; Surveillance, comparison and the self-brand; 7 Class and British Reality Television; The contact zone: What Not to Wear; Loving meanness: Cook Yourself Thin; The other woman: Wife Swap; 8 The Friendship Market; Here comes the brand; Celebrity brands; Weight loss convergence; Facebook friends; Conclusion: Feminism, Friendshipand Conflict; Notes; Bibliography; Index 330 $aFrom Mean Girl to BFF, Girlfriends and Postfeminist Sisterhood explores female sociality in postfeminist popular culture. Focusing on a range of media forms, Alison Winch reveals how women are increasingly encouraged to strategically bond by controlling each other's body image through 'the girlfriend gaze'. 606 $aSociology 606 $aCulture?Study and teaching 606 $aMotion pictures and television 606 $aMotion pictures?History 606 $aCulture 606 $aFeminist theory 606 $aGender Studies$3https://scigraph.springernature.com/ontologies/product-market-codes/X35000 606 $aCultural and Media Studies, general$3https://scigraph.springernature.com/ontologies/product-market-codes/400000 606 $aScreen Studies$3https://scigraph.springernature.com/ontologies/product-market-codes/413000 606 $aFilm History$3https://scigraph.springernature.com/ontologies/product-market-codes/413070 606 $aSociology of Culture$3https://scigraph.springernature.com/ontologies/product-market-codes/X22100 606 $aFeminism$3https://scigraph.springernature.com/ontologies/product-market-codes/E44030 615 0$aSociology. 615 0$aCulture?Study and teaching. 615 0$aMotion pictures and television. 615 0$aMotion pictures?History. 615 0$aCulture. 615 0$aFeminist theory. 615 14$aGender Studies. 615 24$aCultural and Media Studies, general. 615 24$aScreen Studies. 615 24$aFilm History. 615 24$aSociology of Culture. 615 24$aFeminism. 676 $a791.45/72 700 $aWinch$b A$4aut$4http://id.loc.gov/vocabulary/relators/aut$01577945 906 $aBOOK 912 $a9910790726703321 996 $aGirlfriends and Postfeminist Sisterhood$93856934 997 $aUNINA